[Event "Timbo op"]
[Site "Timbo"]
[Date "2021.06.12"]
[Round "4"]
[White "Jorge, Denrick Cabral Jose"]
[Black "Mariani, Daniel Brandao"]
[Result "1/2-1/2"]
[WhiteElo "1891"]
[BlackElo "2033"]
[PlyCount "45"]
[EventDate "2021.06.11"]
[EventType "swiss"]
[EventRounds "6"]
[EventCountry "BRA"]
[SourceTitle "EXT 2022"]
[Source "ChessBase"]
[SourceDate "2021.10.06"]
[SourceVersion "1"]
[SourceVersionDate "2021.10.06"]
[SourceQuality "1"]

1. e4 c6 2. d4 d5 3. Nc3 dxe4 4. Nxe4 Bf5 5. Ng3 Bg6 6. h4 h6 7. Nf3 Nf6 8. h5 Bh7 9. Bd3 Bxd3 10. Qxd3 e6 11. Bd2 Be7 12. Ne4 Qb6 13. c4 0-0 14. c5 Qa6 15. Nxf6+ Bxf6 16. Qe4 Qc4 17. g4 Qd5 18. Qxd5 exd5 19. 0-0-0 Nd7 20. g5 hxg5 21. Bxg5 Rae8 22. h6 g6 23. Rde1 1/2-1/2

[Event "Timbo op"]
[Site "Timbo"]
[Date "2021.02.20"]
[Round "4"]
[White "Mariani, Daniel Brandao"]
[Black "Filgueiras, Nathan Felipe"]
[Result "0-1"]
[WhiteElo "2020"]
[BlackElo "2330"]
[PlyCount "86"]
[EventDate "2021.02.19"]
[EventType "swiss"]
[EventRounds "6"]
[EventCountry "BRA"]
[SourceTitle "EXT 2022"]
[Source "ChessBase"]
[SourceDate "2021.10.06"]
[SourceVersion "1"]
[SourceVersionDate "2021.10.06"]
[SourceQuality "1"]

1. d4 Nf6 2. c4 e6 3. Nf3 b6 4. a3 Ba6 5. e3 Be7 6. Bd3 d5 7. cxd5 Bxd3 8. Qxd3 exd5 9. 0-0 0-0 10. Nc3 Nbd7 11. b4 a6 12. Rd1 Qc8 13. Bb2 Qb7 14. Rac1 b5 15. Ne5 Nb6 16. f3 Rfe8 17. Rc2 Bd6 18. Qf5 Qc8 19. Qxc8 Raxc8 20. Kf2 c6 21. Ne2 Bxe5 22. dxe5 Nfd7 23. f4 Nc4 24. Nd4 g6 25. g4 c5 26. Nb3 cxb4 27. Rdc1 bxa3 28. Bxa3 Ncb6 29. Bb4 Ra8 30. Nd4 a5 31. Bc5 b4 32. Bxb6 Nxb6 33. Rc6 Reb8 34. e6 fxe6 35. Nxe6 b3 36. f5 b2 37. Rb1 Nc4 38. Rc7 Nd2 39. Rg7+ Kh8 40. Ke2 Nxb1 41. f6 Nc3+ 42. Kf3 b1Q 43. Ng5 Qf1+ 0-1

[Event "Florianopolis op 7th"]
[Site "Florianopolis"]
[Date "2021.01.23"]
[Round "8"]
[White "Mariani, Daniel Brandao"]
[Black "Souza, Kim Garcia De"]
[Result "1-0"]
[WhiteElo "2072"]
[BlackElo "1765"]
[PlyCount "41"]
[EventDate "2021.01.18"]
[EventType "swiss"]
[EventRounds "10"]
[EventCountry "BRA"]
[SourceTitle "CBM 200 Extra"]
[Source "ChessBase"]
[SourceDate "2021.03.31"]
[SourceVersion "1"]
[SourceVersionDate "2021.03.31"]
[SourceQuality "1"]

1. d4 Nf6 2. Bg5 c6 3. Nc3 d5 4. Qd2 Bf5 5. f3 Nbd7 6. e3 e5 7. 0-0-0 Bb4 8. Bd3 e4 9. fxe4 dxe4 10. Bc4 Nb6 11. Bb3 Nbd5 12. Qf2 Nxc3 13. bxc3 Ba3+ 14. Kd2 Qa5 15. Bxf6 gxf6 16. Rf1 Bg6 17. Qxf6 0-0 18. h4 Bb2 19. Ne2 Qh5 20. g4 Qxg4 21. h5 1-0